Family encyclopedia
| Format: | Book |
|---|---|
| Published: |
Scotland :
Children's Leisure Product Limited ,
2001
|
| Subjects: |
MARC
| LEADER | 00000cam a2200000 7i4500 | ||
|---|---|---|---|
| 001 | 0000072361 | ||
| 005 | 20031025.0 | ||
| 020 | |a 1855347326 | ||
| 090 | 0 | 0 | |a 031 |b FAM |
| 245 | 1 | 0 | |a Family encyclopedia |
| 260 | |a Scotland : |b Children's Leisure Product Limited , |c 2001 | ||
| 300 | |a 476p. ; |c 26cm. | ||
| 650 | 0 | 0 | |a Encyclopedias and dictionaries |
| 999 | |a 00159033 |b BUKU |c RUJUKAN |e PERPUSTAKAAN KOMUNITI PETALING JAYA | ||
| 999 | |a 00161761 |b BUKU |c PINJAMAN |e PERPUSTAKAAN KOMUNITI PETALING JAYA | ||